| 000 | 00449nam a22001577a 4500 | ||
|---|---|---|---|
| 020 | _a9780199060238 | ||
| 040 | _a0 | ||
| 082 |
_a327.5491 _bSAT 2010 |
||
| 100 |
_aSattar, Abdul _995573 |
||
| 245 |
_aPakistan's foreign policy,1947- 2009 _ba concise history _cAbdul Sattar |
||
| 250 | _a2nd | ||
| 260 |
_aKarachi _bOxford University Press _c2010 |
||
| 300 |
_axiv,386p; _bill; _c24 cm |
||
| 650 |
_aPakistan's Foreign policy _995574 |
||
| 942 |
_2ddc _cBK |
||
| 999 |
_c16277 _d16277 |
||